Statistics for History Groups of Two

Click here to take the quiz!

General Stats

  • This quiz has been taken 35,570 times
  • The average score is 21 of 40

Answer Stats

HintAnswer% Correct
Oldest universities in EnglandOxford
96%
German capitals (1945-1990)East Berlin
92%
Oldest universities in EnglandCambridge
87%
Former names of IstanbulConstantinople
84%
"Communist Manifesto" authorsKarl Marx
84%
Countries lived in by Marie CurieFrance
83%
Cities ending in -grad besieged
in WWII
Leningrad
82%
Twin founders of Rome (legendary)Romulus
82%
Cities ending in -grad beseiged in WWIIStalingrad
82%
Twin founders of Rome
(legendary)
Remus
79%
Roman leaders who Cleopatra had
children with
Julius Caesar
76%
Authors with last name ShelleyMary
65%
Roman leaders who Cleopatra had children withMark Antony
64%
Cold War military alliancesNATO
63%
Cities that fought the Punic WarsRome
61%
Biggest cities originally founded by the DutchNew York City
60%
Founders of CubismPablo Picasso
59%
Countries lived in by Marie CuriePoland
59%
German capitals (1945-1990)Bonn
55%
Cities that fought the Punic WarsCarthage
52%
African countries not colonized
by Europe
Ethiopia
52%
First people to summit EverestEdmund Hillary
51%
Most famous Viking explorersErik the Red
51%
Cold War military alliancesWarsaw Pact
50%
"Communist Manifesto" authorsFriedrich Engels
44%
Mesopotamian Empires (911 BC - 539 BC)Neo-Babylonian Empire
43%
African countries not colonized by EuropeLiberia
42%
Former names of IstanbulByzantium
41%
Hebrew Kingdoms, 800 BCIsrael
39%
Most famous Viking explorersLeif Erikson
38%
Biggest cities originally founded
by the Dutch
Jakarta
34%
Hebrew Kingdoms, 800 BCJudah
31%
First people to summit EverestTenzing Norgay
31%
Authors with last name ShelleyPercy
29%
Nicknames of the opposing sides of
the English Civil War
Roundheads
29%
Mesopotamian Empires
(911 BC - 539 BC)
Neo-Assyrian Empire
27%
Nicknames of the opposing sides
of the English Civil War
Cavaliers
21%
Founders of CubismGeorges Braque
8%
Rival factions of Italy, circa 1200sGuelphs
7%
Rival factions of Italy, circa 1200sGhibellines
6%

Score Distribution

Percentile by Number Answered

Percent of People with Each Score

Your Score History

You have not taken this quiz